000 00717nam a2200253Ia 4500
003 OSt
005 20220918202529.0
006 a|||||r|||| 00| 0
007 ta
008 220917b |||||||| |||| 00| 0 eng d
024 _a101,933
037 _cTextual
040 _aARTS
_cARTS
_beng
041 _2eng
_aeng
082 _aV25.H05<--C99, K7-;1
100 _aBhatia Pratipal
_9104218
245 0 _aParamaras
_b c. 800-1305 A D
260 _aNew Delhi
_bMunshiram Manoharlal
_c1967
300 _axviii, 443p.
_ccm.
500 _aAppendix p360--405; Bibliography p406--420
650 _aHISTORY
942 _hV25.H05<--C99, K7-;1
_cTEXL
_2CC
999 _c225393
_d225393